| 000 | 02054nam0a2200373 4500 | ||
|---|---|---|---|
| 001 | RU\NLR\bibl\1871142 | ||
| 005 | 20260406114855.0 | ||
| 021 |
_aRU _b2012-6262 _9456 |
||
| 035 | _a(NLR Aleph) 001860984 | ||
| 090 |
_a2531051 _c2531051 |
||
| 100 | _a20120217d2011 |||y0rusy50 ca | ||
| 101 | 0 |
_arus _deng _erus _eeng |
|
| 102 | _aRU | ||
| 105 | _ay ||||||||| | ||
| 200 | 1 |
_aЛирика М. Ю. Лермонтова _dLyric poetry of M. Yu. Lermontov _eучебное пособие _fГ.Б. Буянова _gМ-во образования и науки Рос. Федерации, Федер. гос. бюджетное образоват. учреждение высш. проф. образования "Тамбовский гос. ун-т им. Г.Р. Державина" _zeng |
|
| 210 |
_aТамбов _cИзд-во ТГУ _d2011 |
||
| 215 |
_a122 с. _d21 |
||
| 300 | _aАвт. также на англ. яз.: G. B. Buyanova | ||
| 300 | _aРез. на англ. яз. | ||
| 320 | _aБиблиогр.: с. 120-122 (47 назв.) | ||
| 510 | 0 |
_6z45790 _aLyric poetry of M. Yu. Lermontov _zeng |
|
| 604 |
_1200#1$aЛермонтов$gМихаил Юрьевич$bМ.Ю.$f1814 - 1841 _1235|#$aЛирика _aЛермонтов, Михаил Юрьевич (1814 - 1841) _tЛирика _jУчебные издания для высших учебных заведений _3RU\NLR\AUTH\66673607 _91543851 |
||
| 686 | _aШ5(2=Р)51-4Лермонтов535 | ||
| 700 | 1 |
_4070 _aБуянова _bГ. Б. _cканд. филол. наук _gГалина Борисовна _9133712 _3RU\NLR\AUTH\770133746 |
|
| 702 | 1 |
_4570 _8rus _7ca _aЛермонтов _bМ. Ю. _cпоэт _f1814-1841 _gМихаил Юрьевич _3RU\NLR\auth\77328 _9110383 |
|
| 790 | 1 |
_4070 _7ba _8rus _aBujanova _bG. B. _gGalina Borisovna _9133714 _3RU\NLR\AUTH\770133748 |
|
| 801 | 0 |
_aRU _bNLR _c20120217 _gRCR |
|
| 801 | 1 |
_aRU _bNLR _c20120217 |
|
| 942 | _cBOOK | ||
| 980 | _aNB | ||
| 980 | _aNBR | ||